Locke and the Compass of Human Understanding : A Selective Commentary on the Essay /

Guardat en:
Dades bibliogràfiques
Autor principal: Yolton, John W. (autor)
Altres autors: Sorley, W.R (introducción) (introducción)
Format: Llibre
Idioma:anglès
Publicat: Cambridge, Inglaterra : Cambridge University, 2010, c1970
Matèries:
Etiquetes: Afegir etiqueta
Sense etiquetes, Sigues el primer a etiquetar aquest registre!

MARC

LEADER 00000nam^a2200000^a^4500
001 000341041
005 20250521000000.0
009 20260310114513.257
020 |a 978-0-521-13008-0 
037 |a Acervo Xavier Clavigero 
041 |a ING 
082 |a 146. 44  |b YOL 
100 |a Yolton, John W.  |e (autor) 
245 1 0 |a Locke and the Compass of Human Understanding :  |b A Selective Commentary on the Essay /  |c J.W. Yolton. 
264 4 |a Cambridge, Inglaterra :  |b Cambridge University,  |c 2010, c1970 
300 |a X, 234 p. 
336 |a texto  |b txt  |2 rdacontenido 
337 |a sin mediación  |b n  |2 rdamedio 
338 |a volumen  |b nc  |2 rdasoporte 
649 |a XX 
650 |a Filósofos Ingleses 
650 |a Conocimiento 
650 |a Epistemología -  |x Tema Principal 
650 |a Empirismo -  |x Historia y Crítica -  |x Tema Principal 
650 |a Ciencia -  |x Metodología 
650 |a Filosofía Moderna -  |x Historia y Crítica 
650 |a Filosofía Inglesa -  |x Historia y Crítica 
700 |a Sorley, W.R  |e (introducción) 
910 |a Fondo General 
920 |a Impresos - Libros 
930 |a Colección General 
905 |a 101 
901 |a 0500230835  |b IT1  |c ACC  |i FXC C1002  |u 20250521 
902 |a https://opac.biblio.iteso.mx/vufind/Record/000341041